000 00679nam a2200277Ia 4500
005 20260324140717.0
008 008 260324s9999 xx 000 0 eng d
020 _a9780203064887
037 _aEBOOK
040 _aCRL
040 _beng
040 _cCRL
041 _2eng
041 _aeng
084 _qCRL
100 _aPam Denicolo; Hilary Lee-Corbin
_91205438
245 0 _aRecognising and Supporting Able Children in Primary Schools
260 _bTaylor and Francis
260 _c1998
365 _a
365 _b205
856 _uhttp://www.taylorfrancis.com/books/9780203064887
942 _cEBOOK
999 _c1807781
_d1807781